[Event "SVK-chT2D 2122"]
[Site "Slovakia"]
[Date "2022.02.12"]
[Round "5.3"]
[White "Stofan, Jozef"]
[Black "Tropp, Oliver"]
[Result "1/2-1/2"]
[WhiteElo "2040"]
[BlackElo "2112"]
[PlyCount "135"]
[EventDate "2021.10.16"]
[EventType "team-tourn"]
[EventRounds "11"]
[EventCountry "SVK"]
[SourceTitle "EXT 2023"]
[Source "ChessBase"]
[SourceDate "2022.10.05"]
[SourceVersion "1"]
[SourceVersionDate "2022.10.05"]
[SourceQuality "1"]
[WhiteTeam "Spisska Nova Ves"]
[BlackTeam "Kezmarok"]
[WhiteTeamCountry "SVK"]
[BlackTeamCountry "SVK"]

1. e4 e6 2. d4 d5 3. exd5 exd5 4. c4 Nf6 5. Bd3 c6 6. Ne2 Be7 7. Nbc3 0-0 8. 0-0 Bg4 9. a4 dxc4 10. Bxc4 Nbd7 11. f3 Bh5 12. Ng3 Bg6 13. f4 Nb6 14. Ba2 h6 15. f5 Bh7 16. Nge4 Nbd5 17. Nxd5 Nxd5 18. Qg4 Nf6 19. Nxf6+ Bxf6 20. d5 Kh8 21. dxc6 Qd4+ 22. Qxd4 Bxd4+ 23. Kh1 bxc6 24. Bc4 Rab8 25. Rb1 f6 26. b4 Rfe8 27. Bd2 Rbd8 28. Rbe1 Rxe1 29. Bxe1 Re8 30. Bg3 c5 31. b5 Bg8 32. Bxg8 Kxg8 33. Rc1 Re2 34. h3 Ra2 35. Bd6 Rxa4 36. Bxc5 Be5 37. b6 axb6 38. Bxb6 h5 39. Bc7 Bxc7 40. Rxc7 Ra5 41. Kh2 Rxf5 42. Rc2 Rf4 43. Kg3 Rb4 44. Rf2 h4+ 45. Kh2 Kh7 46. Rc2 Kh6 47. Rf2 Kg5 48. Rc2 f5 49. Ra2 g6 50. Rc2 Kf4 51. Ra2 g5 52. Rf2+ Ke5 53. Re2+ Re4 54. Ra2 Kd4 55. Ra5 Re5 56. Ra2 Ke3 57. Ra3+ Kf4 58. Rf3+ Ke4 59. Ra3 Rd5 60. Ra2 g4 61. hxg4 fxg4 62. Ra8 Rd4 63. Rh8 Kf4 64. Rf8+ Ke3 65. Re8+ Re4 66. Rh8 Kf2 67. Rf8+ Ke2 68. Rh8 1/2-1/2

[Event "SVK-chT2D 1819"]
[Site "Slovakia"]
[Date "2018.12.16"]
[Round "6.1"]
[White "Stofan, Jozef"]
[Black "Ferkova, Dominika"]
[Result "0-1"]
[WhiteElo "2053"]
[BlackElo "2033"]
[PlyCount "70"]
[EventDate "2018.10.13"]
[EventType "team-tourn"]
[EventRounds "11"]
[EventCountry "SVK"]
[SourceTitle "CBM 189 Extra"]
[Source "ChessBase"]
[SourceDate "2019.06.03"]
[SourceVersion "1"]
[SourceVersionDate "2019.06.03"]
[SourceQuality "1"]
[WhiteTeam "Spisska Nova Ves"]
[BlackTeam "Bardejov BSK II"]
[WhiteTeamCountry "SVK"]
[BlackTeamCountry "SVK"]

1. e4 c6 2. d4 d5 3. Nc3 dxe4 4. Nxe4 Bf5 5. Ng3 Bg6 6. Nh3 e6 7. Bc4 Nf6 8. 0-0 Bd6 9. Bf4 0-0 10. c3 c5 11. dxc5 Bxc5 12. Qf3 Nc6 13. a4 Qe7 14. Rfe1 Bd6 15. Rad1 Rfd8 16. Rd2 Na5 17. Ba2 Bxf4 18. Rxd8+ Rxd8 19. Nxf4 Rd2 20. Nxg6 hxg6 21. Re2 Rd1+ 22. Nf1 Qd7 23. b4 Ra1 24. Rb2 Qxa4 25. bxa5 Rxa2 26. Rxb7 Qxa5 27. Rb8+ Kh7 28. g4 Qg5 29. Ne3 Ra1+ 30. Kg2 Nd5 31. Nxd5 Qxd5 32. Qxd5 exd5 33. Rd8 Ra5 34. Rd7 f6 35. h4 a6 0-1

[Event "SVK-chT2D 1819"]
[Site "Slovakia"]
[Date "2018.12.15"]
[Round "5.1"]
[White "Stofan, Jozef"]
[Black "Endresz, Pavol"]
[Result "0-1"]
[WhiteElo "2053"]
[BlackElo "2111"]
[PlyCount "130"]
[EventDate "2018.10.13"]
[EventType "team-tourn"]
[EventRounds "11"]
[EventCountry "SVK"]
[SourceTitle "CBM 189 Extra"]
[Source "ChessBase"]
[SourceDate "2019.06.03"]
[SourceVersion "1"]
[SourceVersionDate "2019.06.03"]
[SourceQuality "1"]
[WhiteTeam "Spisska Nova Ves"]
[BlackTeam "Poprad LS VD"]
[WhiteTeamCountry "SVK"]
[BlackTeamCountry "SVK"]

1. e4 c5 2. f4 Nc6 3. Nf3 g6 4. d3 Bg7 5. c3 d5 6. Be2 e6 7. 0-0 Nge7 8. Na3 0-0 9. Nc2 b6 10. Qe1 Qc7 11. Qh4 Ba6 12. e5 f6 13. Qh3 Rae8 14. Ne3 Nf5 15. exf6 Bxf6 16. Ng4 Bg7 17. Bd2 Bc8 18. Nge5 Nxe5 19. fxe5 Bxe5 20. Nxe5 Qxe5 21. Rae1 Qd6 22. g4 Ne7 23. Bh6 Rxf1+ 24. Rxf1 Nc6 25. Qf3 Qe7 26. Bg5 Qg7 27. Bf6 Qd7 28. Bg5 Ne5 29. Qf6 Nf7 30. Bd2 Qe7 31. Qf3 Rf8 32. Qg3 e5 33. h4 Ba6 34. Re1 c4 35. d4 exd4 36. Bxc4 Qb7 37. Bxa6 Qxa6 38. cxd4 Qxa2 39. Bb4 Rc8 40. Ba3 Qc4 41. Qe3 Qc7 42. Kg2 Qd7 43. Qf4 Re8 44. Rxe8+ Qxe8 45. Kf3 h6 46. Qf6 Qe4+ 47. Kg3 h5 48. gxh5 Qe1+ 49. Kg2 Qe4+ 50. Kg3 gxh5 51. Qf4 Qg6+ 52. Kf3 Kg7 53. Be7 Qe6 54. Bb4 Qf6 55. Bf8+ Kg6 56. Qxf6+ Kxf6 57. Kf4 Nd8 58. Bd6 Ne6+ 59. Ke3 Kf5 60. Be7 Kg4 61. Bf6 Nf4 62. Bd8 Ng2+ 63. Kf2 Nxh4 64. b4 Nf5 65. Bf6 Kf4 0-1

[Event "SVK-chT2D 1718"]
[Site "Slovakia"]
[Date "2017.10.28"]
[Round "1.1"]
[White "Juhar, Roman"]
[Black "Stofan, Jozef"]
[Result "1/2-1/2"]
[WhiteElo "2147"]
[BlackElo "2075"]
[PlyCount "142"]
[EventDate "2017.10.28"]
[EventType "team-tourn"]
[EventRounds "11"]
[EventCountry "SVK"]
[SourceTitle "EXT 2019"]
[Source "ChessBase"]
[SourceDate "2018.10.10"]
[SourceVersion "1"]
[SourceVersionDate "2018.10.10"]
[SourceQuality "1"]
[WhiteTeam "Velke Kapusany"]
[BlackTeam "Spisska Nova Ves"]
[WhiteTeamCountry "SVK"]
[BlackTeamCountry "SVK"]

1. d4 Nf6 2. c4 g6 3. Nc3 Bg7 4. e4 d6 5. f3 0-0 6. Be3 Nbd7 7. Bd3 c5 8. d5 a6 9. Nge2 Ne5 10. 0-0 Rb8 11. Rb1 b5 12. cxb5 c4 13. Bc2 axb5 14. b4 cxb3 15. Rxb3 Ba6 16. Qb1 Nc4 17. Bc1 Nd7 18. Kh1 Qa5 19. Rb4 Rfc8 20. Bd3 Nde5 21. Bxc4 Rxc4 22. a3 Rxb4 23. axb4 Qb6 24. f4 Nc4 25. Qd3 Bc8 26. h3 Ra8 27. Kh2 Bd7 28. Qg3 Qd8 29. Kh1 Ra1 30. Qf2 Qc8 31. Kh2 Qa8 32. g4 Qc8 33. Nd4 Qb7 34. Kg2 Qb6 35. e5 dxe5 36. Nc6 Qxf2+ 37. Kxf2 exf4 38. Nxb5 Ne3 39. Bxe3 fxe3+ 40. Ke2 Rxf1 41. Kxf1 e6 42. Nba7 exd5 43. b5 Bf8 44. b6 Bd6 45. b7 h5 46. Nc8 Bxc6 47. Nxd6 Bxb7 48. Nxb7 hxg4 49. hxg4 Kg7 50. Ke2 d4 51. Nd6 Kf6 52. Kf3 Ke6 53. Ne8 f5 54. gxf5+ gxf5 55. Ng7+ Ke5 56. Nh5 Kd5 57. Ng3 Ke5 58. Nh5 Kd6 59. Ng3 Ke6 60. Nh5 Ke5 61. Nf4 Kd6 62. Ng2 Kd5 63. Nxe3+ dxe3 64. Kxe3 Ke5 65. Kf3 f4 66. Kf2 Ke4 67. Ke2 f3+ 68. Kf2 Kf4 69. Kf1 Kg3 70. Kg1 f2+ 71. Kf1 Kf3 1/2-1/2

[Event "SVK-chT1E 1516"]
[Site "Slovakia"]
[Date "2016.03.19"]
[Round "10.2"]
[White "Michalicka, Milan"]
[Black "Stofan, Jozef"]
[Result "1-0"]
[WhiteElo "2167"]
[BlackElo "2099"]
[PlyCount "91"]
[EventDate "2015.10.24"]
[EventType "team-tourn"]
[EventRounds "11"]
[EventCountry "SVK"]
[SourceTitle "EXT 2017"]
[Source "ChessBase"]
[SourceDate "2016.10.25"]
[SourceVersion "1"]
[SourceVersionDate "2016.10.25"]
[SourceQuality "1"]
[WhiteTeam "Banska Bystrica Junior"]
[BlackTeam "Spisska Nova Ves"]
[WhiteTeamCountry "SVK"]
[BlackTeamCountry "SVK"]

1. d4 Nf6 2. c4 g6 3. Nc3 Bg7 4. e4 d6 5. Nf3 Bg4 6. Be2 0-0 7. 0-0 Nbd7 8. Be3 c5 9. h3 Bxf3 10. Bxf3 Rb8 11. Qd2 a6 12. a4 Ne8 13. Rfd1 Nc7 14. a5 b6 15. axb6 Nxb6 16. Qe2 cxd4 17. Bxd4 Bxd4 18. Rxd4 Ne6 19. Rdd1 Qc8 20. Nd5 Re8 21. Rac1 Nd7 22. Bg4 Ne5 23. Bxe6 fxe6 24. Ne3 Qb7 25. c5 dxc5 26. Rxc5 Qxe4 27. Qxa6 Nf7 28. Rc4 Qe5 29. b4 Nd6 30. Rcd4 Rf8 31. Ng4 Qb5 32. Qa2 Qd7 33. Qb2 h5 34. Ne5 Qe8 35. g4 Rb5 36. Qe2 h4 37. Re1 Kg7 38. Nf3 Rd5 39. Qxe6 Rxd4 40. Nxd4 Nc8 41. Qe5+ Kg8 42. Ne6 Rf7 43. Qg5 Kh7 44. Nf4 Rg7 45. Re6 Qa4 46. Rxg6 1-0

[Event "SVK-chT2D 14/15"]
[Site "Slovakia"]
[Date "2015.02.15"]
[Round "9.3"]
[White "Timko, Milan"]
[Black "Stofan, Jozef"]
[Result "1/2-1/2"]
[WhiteElo "1955"]
[BlackElo "2134"]
[PlyCount "37"]
[EventDate "2014.10.11"]
[EventType "team-tourn"]
[EventRounds "11"]
[EventCountry "SVK"]
[SourceTitle "EXT 2019"]
[Source "ChessBase"]
[SourceDate "2018.10.10"]
[SourceVersion "1"]
[SourceVersionDate "2018.10.10"]
[SourceQuality "1"]
[WhiteTeam "Kosice 1 CC"]
[BlackTeam "Spisska Nova Ves"]
[WhiteTeamCountry "SVK"]
[BlackTeamCountry "SVK"]

1. d4 Nf6 2. Nf3 g6 3. c4 d6 4. Nc3 Bg7 5. e4 0-0 6. Be2 Bg4 7. 0-0 Nbd7 8. Be3 c5 9. d5 a6 10. h3 Bxf3 11. Bxf3 Rb8 12. a4 Ne8 13. Qc2 Nc7 14. Be2 b6 15. Rad1 Rb7 16. f4 Qb8 17. Bg4 Nf6 18. Bf3 b5 19. e5 1/2-1/2

[Event "SVK-chT2D 1314"]
[Site "Slovakia"]
[Date "2014.02.01"]
[Round "7.3"]
[White "Micek, Jaroslav"]
[Black "Stofan, Jozef"]
[Result "1-0"]
[WhiteElo "2070"]
[BlackElo "2143"]
[PlyCount "53"]
[EventDate "2013.10.19"]
[EventType "team-tourn"]
[EventRounds "11"]
[EventCountry "SVK"]
[SourceTitle "EXT 2015"]
[Source "ChessBase"]
[SourceDate "2014.11.20"]
[SourceVersion "1"]
[SourceVersionDate "2014.11.20"]
[SourceQuality "1"]
[WhiteTeam "Margecany"]
[BlackTeam "Spisska Nova Ves"]
[WhiteTeamCountry "SVK"]
[BlackTeamCountry "SVK"]

1. e4 e5 2. f4 d5 3. exd5 Qxd5 4. Nc3 Qe6 5. fxe5 Qxe5+ 6. Be2 Bg4 7. d4 Qe6 8. Bf4 Bxe2 9. Ngxe2 Bd6 10. 0-0 Ne7 11. Qd3 0-0 12. Rae1 Ng6 13. Bd2 Qd7 14. Ne4 Be7 15. N2g3 Bh4 16. Re2 Bxg3 17. Nxg3 Nc6 18. Bc3 Rad8 19. Nf5 Rfe8 20. Ref2 f6 21. h4 Nge7 22. Nxg7 Kxg7 23. Qg3+ Kh8 24. Rxf6 Rg8 25. d5 Nxd5 26. Rf8+ Nxc3 27. Qxg8# 1-0

[Event "SVK-chT2D 0809"]
[Site "Slovakia"]
[Date "2009.03.01"]
[Round "11.2"]
[White "Stofan, Jozef"]
[Black "Paluch, Ladislav"]
[Result "1-0"]
[WhiteElo "2126"]
[BlackElo "1939"]
[PlyCount "137"]
[EventDate "2008.10.11"]
[EventType "team-tourn"]
[EventRounds "11"]
[EventCountry "SVK"]
[SourceTitle "EXT 2010"]
[Source "ChessBase"]
[SourceDate "2010.11.25"]
[SourceVersion "1"]
[SourceVersionDate "2010.11.25"]
[SourceQuality "1"]
[WhiteTeam "Spisska Nova Ves"]
[BlackTeam "Velke Kapusany Energetik"]
[WhiteTeamCountry "SVK"]
[BlackTeamCountry "SVK"]

1. e4 c5 2. f4 Nc6 3. Nf3 d6 4. d3 g6 5. Be2 Bg7 6. c3 Nf6 7. 0-0 0-0 8. Na3 a6 9. Nc2 b5 10. Qe1 Bb7 11. Qh4 b4 12. Bd2 a5 13. Ne3 Ba6 14. c4 e6 15. f5 Nh5 16. Ng5 h6 17. Ng4 hxg5 18. Bxg5 f6 19. fxg6 fxg5 20. Qxh5 Bd4+ 21. Kh1 Qe7 22. Nh6+ Kg7 23. Rf7+ Rxf7 24. Nxf7 Kf8 25. Qh7 Ke8 26. Rf1 Kd7 27. g7 Bxg7 28. Qxg7 Re8 29. Qxg5 Qxg5 30. Nxg5 Ne5 31. Nf7 Nc6 32. Nh6 Re7 33. Rf7 Ne5 34. Rxe7+ Kxe7 35. Ng4 Ng6 36. g3 Bb7 37. Kg1 d5 38. exd5 exd5 39. Bf3 Bc8 40. cxd5 Ba6 41. Be4 Nf8 42. Ne5 Kf6 43. Nc4 a4 44. Nb6 Bb5 45. Kf2 Ke5 46. Ke3 Nd7 47. Nxd7+ Bxd7 48. d6 a3 49. b3 Be6 50. Bf3 Kxd6 51. Bd1 Ke5 52. g4 Bd5 53. h4 Bf7 54. h5 Bd5 55. h6 Bg8 56. g5 Kf5 57. d4 cxd4+ 58. Kxd4 Kxg5 59. Bc2 Kxh6 60. Kc5 Kg5 61. Kxb4 Kf6 62. Be4 Ke5 63. Bg2 Kd4 64. Kxa3 Kc3 65. Bc6 Be6 66. Bb5 Bd5 67. Be2 Kd2 68. Bc4 Bxc4 69. bxc4 1-0

[Event "SVK-chT2D 0809"]
[Site "Slovakia"]
[Date "2008.11.08"]
[Round "3.5"]
[White "Stofan, Jozef"]
[Black "Juhar, Roman"]
[Result "1/2-1/2"]
[WhiteElo "2126"]
[BlackElo "2161"]
[PlyCount "55"]
[EventDate "2008.10.11"]
[EventType "team-tourn"]
[EventRounds "11"]
[EventCountry "SVK"]
[SourceTitle "EXT 2010"]
[Source "ChessBase"]
[SourceDate "2010.11.25"]
[SourceVersion "1"]
[SourceVersionDate "2010.11.25"]
[SourceQuality "1"]
[WhiteTeam "Spisska Nova Ves"]
[BlackTeam "Kosice Akademik"]
[WhiteTeamCountry "SVK"]
[BlackTeamCountry "SVK"]

1. e4 d6 2. d4 e5 3. dxe5 dxe5 4. Qxd8+ Kxd8 5. Bc4 f6 6. Be3 c6 7. Nd2 Kc7 8. 0-0-0 Nd7 9. Ne2 Bc5 10. Nf1 Bb6 11. Bxb6+ axb6 12. Ne3 Ne7 13. f3 Nc5 14. a3 b5 15. Bb3 b4 16. axb4 Ra1+ 17. Kd2 Rd8+ 18. Kc3 Na4+ 19. Bxa4 Rxa4 20. Rxd8 Kxd8 21. Rd1+ Kc7 22. b3 Ra2 23. Nc1 Ra8 24. Nd3 h5 25. Nc4 g5 26. h3 h4 27. Nc5 b6 28. Nd3 1/2-1/2

[Event "SVK-chT2D 0607"]
[Site "Slovakia"]
[Date "2006.11.26"]
[Round "4.1"]
[White "Stofan, Jozef"]
[Black "Banoci, Jaroslav"]
[Result "1-0"]
[WhiteElo "2114"]
[BlackElo "1989"]
[PlyCount "69"]
[EventDate "2006.10.14"]
[EventType "team-tourn"]
[EventRounds "11"]
[EventCountry "SVK"]
[SourceTitle "EXT 2008"]
[Source "ChessBase"]
[SourceDate "2007.11.25"]
[SourceVersion "1"]
[SourceVersionDate "2007.11.25"]
[SourceQuality "1"]
[WhiteTeam "Spisska Nova Ves"]
[BlackTeam "Presov PSK"]
[WhiteTeamCountry "SVK"]
[BlackTeamCountry "SVK"]

1. e4 g6 2. d4 Bg7 3. c3 d6 4. f4 Nd7 5. Nf3 e6 6. Be3 Ne7 7. Bd3 a6 8. 0-0 0-0 9. Qe1 f5 10. exf5 Nxf5 11. Bc1 Nf6 12. Bc4 Re8 13. h3 Bf8 14. g4 Ng7 15. Nbd2 Bd7 16. Bb3 c5 17. dxc5 dxc5 18. Ne5 b5 19. c4 a5 20. Nxd7 Qxd7 21. cxb5 Qxb5 22. Bc4 Qd7 23. Nf3 Nd5 24. Ne5 Qd6 25. b3 Nb4 26. Bb2 Nc2 27. Qe4 Nxa1 28. Bxa1 Be7 29. Nxg6 Ra7 30. Nxe7+ Raxe7 31. Be5 Qd7 32. Bd3 Kf7 33. Qxh7 Rg8 34. f5 Ke8 35. Qxg8# 1-0

[Event "SVK-chT2D 0607"]
[Site "Slovakia"]
[Date "2006.11.25"]
[Round "3.2"]
[White "Stofan, Jozef"]
[Black "Svoboda, Svatopluk"]
[Result "1/2-1/2"]
[WhiteElo "2114"]
[BlackElo "2274"]
[PlyCount "21"]
[EventDate "2006.10.14"]
[EventType "team-tourn"]
[EventRounds "11"]
[EventCountry "SVK"]
[SourceTitle "EXT 2008"]
[Source "ChessBase"]
[SourceDate "2007.11.25"]
[SourceVersion "1"]
[SourceVersionDate "2007.11.25"]
[SourceQuality "1"]
[WhiteTeam "Spisska Nova Ves"]
[BlackTeam "Sabinov"]
[WhiteTeamCountry "SVK"]
[BlackTeamCountry "SVK"]

1. e4 c5 2. f4 Nc6 3. Nf3 e6 4. d3 d5 5. e5 h5 6. Be2 Nh6 7. c3 Nf5 8. Na3 Be7 9. 0-0 b6 10. Nc2 d4 11. c4 1/2-1/2